[Event "47th Sparkassen Open"]
[Site "Dortmund GER"]
[Date "2019.07.17"]
[Round "5.42"]
[White "Meinschien, Finn"]
[Black "Ball, Joerg"]
[Result "1/2-1/2"]
[WhiteElo "1908"]
[BlackElo "1961"]
[WhiteFideId "12989665"]
[BlackFideId "4685172"]
[EventDate "2019.07.13"]

1. e4 g6 2. d4 Bg7 3. Nc3 d6 4. Be3 Nd7 5. Be2 e5 6. Nf3 Ne7 7. Qd2 O-O 8. O-O-O
exd4 9. Nxd4 Nc6 10. g4 Nxd4 11. Bxd4 Ne5 12. f3 Be6 13. h4 c5 14. Be3 Qa5 15.
Kb1 b5 16. Nd5 b4 17. Bh6 Bxd5 18. exd5 Qc7 19. h5 f6 20. hxg6 hxg6 21. f4 Nf7
22. Bxg7 Kxg7 23. Bd3 Rh8 24. Qg2 c4 25. Be2 Rae8 26. Rxh8 Rxh8 27. Rd4 Re8 28.
Re4 Rxe4 29. Qxe4 Qc5 30. Qxc4 Qg1+ 31. Bf1 Qxg4 32. b3 a5 33. Kb2 Qf3 34. Bd3
g5 1/2-1/2

[Event "47th Sparkassen Open"]
[Site "Dortmund GER"]
[Date "2019.07.17"]
[Round "5.43"]
[White "Yin, Haode"]
[Black "Klueting, Reiner"]
[Result "1/2-1/2"]
[WhiteElo "1652"]
[BlackElo "1973"]
[WhiteFideId "16261348"]
[BlackFideId "4644760"]
[EventDate "2019.07.13"]

1. d4 Nf6 2. Nf3 c5 3. d5 b5 4. c4 b4 5. Qc2 g6 6. e4 d6 7. Bd3 Bg7 8. O-O O-O
9. Nbd2 a5 10. Rb1 e6 11. a4 e5 12. Re1 Ne8 13. Nf1 Ra7 14. Ng3 f6 15. Nd2 Raf7
16. f3 Bd7 17. b3 Qc8 18. Ndf1 Na6 19. Bd2 Nac7 20. Rbd1 f5 21. exf5 gxf5 22.
Nh5 Nf6 23. Nxg7 Kxg7 24. Ng3 Ng8 25. Re2 1/2-1/2

[Event "47th Sparkassen Open"]
[Site "Dortmund GER"]
[Date "2019.07.17"]
[Round "5.44"]
[White "Dippel, Olaf"]
[Black "Homfeldt, Christopher"]
[Result "0-1"]
[WhiteElo "1914"]
[BlackElo "1848"]
[WhiteFideId "4693159"]
[BlackFideId "16220293"]
[EventDate "2019.07.13"]

1. d4 Nf6 2. c4 g6 3. Nc3 Bg7 4. e4 d6 5. f3 Nbd7 6. Bd3 O-O 7. Be3 e5 8. d5 a5
9. Nge2 Nc5 10. Bc2 c6 11. Qd2 cxd5 12. Nxd5 Nxd5 13. cxd5 b6 14. O-O f5 15. Bg5
Qe8 16. exf5 gxf5 17. Nc3 Ba6 18. Rfe1 b5 19. a3 b4 20. axb4 axb4 21. Na4 Nxa4
22. Bxa4 Bb5 23. Bb3 Rb8 24. Ra7 Qg6 25. Re7 f4 26. Bh4 Rfc8 27. Re6 Qh5 28. Bf2
Bf8 29. R6xe5 dxe5 30. d6+ Bc4 31. d7 Bxb3 32. dxc8=Q Rxc8 33. Qd7 Qe8 34. Qg4+
Kh8 35. Qf5 Qe6 36. Qxe5+ Qxe5 37. Rxe5 Rc1+ 38. Re1 Rxe1+ 39. Bxe1 Bc4 40. Bd2
Bc5+ 41. Kh1 Bd6 42. Kg1 Kg7 43. Kf2 Kf6 44. g3 fxg3+ 45. hxg3 b3 46. Bc3+ Be5
47. Bxe5+ Kxe5 48. Ke3 Bd5 49. g4 Bxf3 50. Kxf3 Kd4 51. Kf4 Kd3 52. Kg5 Kc2 53.
Kh6 Kxb2 54. Kxh7 Kc3 55. g5 b2 56. Kg7 b1=Q 57. g6 Kd4 58. Kg8 Ke5 59. Kf7 Qb7+ 0-1

[Event "47th Sparkassen Open"]
[Site "Dortmund GER"]
[Date "2019.07.18"]
[Round "6.1"]
[White "Michalczak, Thomas"]
[Black "Bagrationi, Alexander"]
[Result "1-0"]
[WhiteTitle "FM"]
[BlackTitle "GM"]
[WhiteElo "2239"]
[BlackElo "2505"]
[WhiteFideId "4622634"]
[BlackFideId "14104954"]
[EventDate "2019.07.13"]

1. e4 c5 2. Nf3 d6 3. d4 cxd4 4. Nxd4 Nf6 5. Nc3 Nc6 6. Bg5 Bd7 7. Qd2 Rc8 8. f4
Nxd4 9. Qxd4 Qa5 10. e5 dxe5 11. fxe5 e6 12. O-O-O Bc6 13. Nb5 Bxb5 14. exf6 g6
15. Bd2 Qa4 16. Bxb5+ Qxb5 17. Qxa7 Qc6 18. Kb1 Qxc2+ 19. Ka1 Bc5 20. Qxb7 O-O
21. Bc3 Ra8 22. Rd2 Qa4 23. b3 Qa3 24. Rb1 Be3 25. Re2 Rfc8 26. Be5 Qa5 27. Qe4
Bd2 28. a4 Bh6 29. h4 Rc5 30. g4 Rd5 31. g5 Bf8 32. h5 Bb4 33. Rc1 Bd2 34. hxg6
Rxe5 35. gxf7+ Kf8 36. Qxh7 Rxg5 37. Qh6+ Kxf7 38. Rc7+ Qxc7 39. Qh7+ Kxf6 40.
Qxc7 Ba5 41. Qc6 1-0

[Event "47th Sparkassen Open"]
[Site "Dortmund GER"]
[Date "2019.07.18"]
[Round "6.2"]
[White "Arold, Gerhard"]
[Black "Hausrath, Daniel"]
[Result "0-1"]
[BlackTitle "GM"]
[WhiteElo "2045"]
[BlackElo "2468"]
[WhiteFideId "24664120"]
[BlackFideId "4617495"]
[EventDate "2019.07.13"]

1. d4 d6 2. Bf4 g6 3. Nf3 Bg7 4. e3 Nd7 5. h3 e5 6. Bh2 exd4 7. exd4 Ne7 8. c3
O-O 9. Be2 Nf6 10. Nbd2 Ned5 11. Nc4 Re8 12. O-O Bh6 13. Ne1 Bf5 14. Nd3 Qd7 15.
Bf3 Qb5 16. g4 Be4 17. Bxe4 Nxe4 18. Na3 Qa6 19. c4 Nd2 20. Re1 Rxe1+ 21. Nxe1
Nxc4 22. Nxc4 Qxc4 23. b3 Qc3 24. Kg2 Re8 25. Nf3 Bf4 26. Rb1 a5 27. Ng1 Bxh2
28. Kxh2 Re4 29. Nf3 Qc6 30. Rc1 Qe8 31. Rc2 Qe7 32. Qc1 Rf4 33. Kg3 Qe4 34. Ng5
Qd3+ 35. Kg2 h6 36. Rd2 Qb5 37. Nf3 Qe8 38. Qc4 Qe4 0-1

[Event "47th Sparkassen Open"]
[Site "Dortmund GER"]
[Date "2019.07.18"]
[Round "6.3"]
[White "Kashlinskaya, Alina"]
[Black "Hourigan, Gerrit"]
[Result "1-0"]
[WhiteTitle "IM"]
[WhiteElo "2492"]
[BlackElo "2037"]
[WhiteFideId "4198026"]
[BlackFideId "16204174"]
[EventDate "2019.07.13"]

1. d4 Nf6 2. c4 e6 3. Nf3 d5 4. e3 c6 5. b3 Nbd7 6. Bd3 Be7 7. O-O O-O 8. Nc3 b6
9. Bb2 Bb7 10. Qe2 Qc7 11. Rad1 Rad8 12. Bb1 Rfe8 13. Ne5 dxc4 14. Nxd7 Rxd7 15.
bxc4 c5 16. d5 Ba6 17. dxe6 fxe6 18. Ne4 Red8 19. Rxd7 Qxd7 20. Qc2 Ne8 21. f4
Bf8 22. Ng5 g6 23. h4 Bg7 24. Bxg7 Nxg7 25. Nxh7 Kxh7 26. Qxg6+ Kg8 27. Qh7+ Kf8
28. f5 exf5 29. Bxf5 Nxf5 30. Rxf5+ Ke8 31. Qg6+ 1-0

[Event "47th Sparkassen Open"]
[Site "Dortmund GER"]
[Date "2019.07.18"]
[Round "6.4"]
[White "Jugelt, Tobias"]
[Black "Maes, Wim"]
[Result "1/2-1/2"]
[WhiteTitle "IM"]
[BlackTitle "FM"]
[WhiteElo "2403"]
[BlackElo "2185"]
[WhiteFideId "4626150"]
[BlackFideId "201073"]
[EventDate "2019.07.13"]

1. d4 Nf6 2. g3 g6 3. Bg2 Bg7 4. c4 O-O 5. e3 d6 6. Nc3 Nbd7 7. Nge2 e5 8. O-O
Re8 9. Qc2 c6 10. h3 Qc7 11. b3 h5 12. f3 1/2-1/2

[Event "47th Sparkassen Open"]
[Site "Dortmund GER"]
[Date "2019.07.18"]
[Round "6.5"]
[White "Humburg, Philipp"]
[Black "Schuh, Dirk"]
[Result "1-0"]
[BlackTitle "IM"]
[WhiteElo "2244"]
[BlackElo "2372"]
[WhiteFideId "24656151"]
[BlackFideId "4655311"]
[EventDate "2019.07.13"]

1. Nf3 d5 2. d4 c6 3. c4 dxc4 4. e3 Be6 5. Nc3 b5 6. Ng5 Bd7 7. Qf3 Nf6 8. a4
Qa5 9. Bd2 b4 10. Nce4 h6 11. Nxf6+ exf6 12. Qe4+ Be7 13. Nxf7 Kxf7 14. Bxc4+
Kf8 15. d5 a6 16. O-O Ra7 17. Rfd1 Rc7 18. Rac1 f5 19. Qf4 cxd5 20. Bxd5 Rxc1
21. Bxc1 Qb6 22. Bb3 Bf6 23. a5 Qb7 24. Qd6+ Ke8 25. e4 fxe4 26. Bf4 Nc6 27. Bd5
Rf8 28. Bxe4 1-0

[Event "47th Sparkassen Open"]
[Site "Dortmund GER"]
[Date "2019.07.18"]
[Round "6.6"]
[White "Schleining, Zoya"]
[Black "Prueske, Wolfgang"]
[Result "1-0"]
[WhiteTitle "IM"]
[WhiteElo "2339"]
[BlackElo "1961"]
[WhiteFideId "4671660"]
[BlackFideId "4667271"]
[EventDate "2019.07.13"]

1. e4 c6 2. d4 d5 3. e5 Bf5 4. Nd2 e6 5. Nb3 Nd7 6. Nf3 Be7 7. Be2 h5 8. h3 g5
9. Be3 a5 10. a4 Nb6 11. Nc5 Nc4 12. Bc1 b6 13. Nd3 b5 14. b3 Nb6 15. axb5 cxb5
16. Nc5 b4 17. Be3 Kf8 18. Qd2 g4 19. hxg4 Bxg4 20. Ng5 Kg7 21. Bxg4 1-0

[Event "47th Sparkassen Open"]
[Site "Dortmund GER"]
[Date "2019.07.18"]
[Round "6.7"]
[White "Kartsev, Soel"]
[Black "Webb, Laurence E"]
[Result "1/2-1/2"]
[BlackTitle "FM"]
[WhiteElo "2217"]
[BlackElo "2327"]
[WhiteFideId "4130561"]
[BlackFideId "402389"]
[EventDate "2019.07.13"]

1. c4 e5 2. Nc3 Nc6 3. g3 f5 4. Bg2 Nf6 5. a3 g6 6. b4 d6 7. d3 Bg7 8. Rb1 O-O
9. Nf3 h6 10. b5 Ne7 11. O-O g5 12. Qb3 Kh8 1/2-1/2

[Event "47th Sparkassen Open"]
[Site "Dortmund GER"]
[Date "2019.07.18"]
[Round "6.8"]
[White "Chittka, Julius"]
[Black "Fistoul, Boris"]
[Result "1-0"]
[WhiteElo "2319"]
[BlackElo "1938"]
[WhiteFideId "12954772"]
[BlackFideId "12953962"]
[EventDate "2019.07.13"]

1. e4 e5 2. Nf3 Nf6 3. Nxe5 d6 4. Nf3 Nxe4 5. d4 d5 6. Bd3 Bf5 7. O-O Be7 8. Re1
O-O 9. Nbd2 Nd6 10. Nf1 Bxd3 11. Qxd3 Nd7 12. Bf4 c6 13. Ng3 Re8 14. h4 Nf8 15.
h5 Ne6 16. Bd2 Ng5 17. Bxg5 Bxg5 18. Rxe8+ Nxe8 19. Qf5 Bf6 20. Re1 Nd6 21. Qf4
h6 22. c3 a5 23. a4 Ra6 24. Ne5 Rb6 25. Re2 Ra6 26. Nf5 Nxf5 27. Qxf5 Bxe5 28.
dxe5 c5 29. f4 Re6 30. Qd3 f6 31. Qg6 Qe8 32. Qxe8+ Rxe8 33. e6 Kf8 34. f5 Ke7
35. Kf2 Rd8 36. Ke3 Rd6 37. b4 d4+ 38. cxd4 Rxd4 39. bxc5 Rc4 40. Rb2 Rxc5 41.
Rxb7+ Kf8 42. Rb5 Rc3+ 43. Kf2 Rc4 44. Rxa5 Rh4 45. Ra8+ Ke7 46. Ra7+ Kf8 47.
Kf3 Rxh5 48. g4 Rh1 49. Ra8+ Ke7 50. a5 h5 51. a6 Rh3+ 52. Kg2 1-0

[Event "47th Sparkassen Open"]
[Site "Dortmund GER"]
[Date "2019.07.18"]
[Round "6.9"]
[White "Luft, Dennis"]
[Black "Stillger, Bernhard"]
[Result "1-0"]
[BlackTitle "FM"]
[WhiteElo "2294"]
[BlackElo "2199"]
[WhiteFideId "24623717"]
[BlackFideId "4610768"]
[EventDate "2019.07.13"]

1. e4 e5 2. Nf3 Nf6 3. Nxe5 d6 4. Nf3 Nxe4 5. Nc3 Nxc3 6. dxc3 Be7 7. Be3 Nc6 8.
Qd2 Be6 9. O-O-O Qd7 10. Kb1 Bf6 11. h4 O-O-O 12. Nd4 Nxd4 13. Bxd4 Be5 14. Qe3
Qa4 15. b3 Qa5 16. Kb2 Kb8 17. Bd3 Bxd4 18. cxd4 Qh5 19. Qg5 Qg4 20. Kc3 h6 21.
Qxg4 Bxg4 22. Rde1 Rde8 23. Bc4 Be6 24. Bxe6 fxe6 25. Rh3 Kc8 26. Rg3 Re7 27. d5
e5 28. f4 Rf8 29. fxe5 dxe5 30. Re4 Kd7 31. Rg6 Rf6 32. Reg4 Rxg6 33. Rxg6 Ke8
34. Kd3 Kf7 35. Rg3 e4+ 36. Ke3 Kf6 37. Rg4 Rd7 38. c4 g5 39. Rxe4 gxh4 40. Rxh4
Kg5 41. Re4 h5 42. Re8 h4 43. Ke4 b6 44. b4 Rf7 45. Rg8+ Kf6 46. Rh8 Rg7 47.
Rxh4 Rxg2 48. Rh7 b5 49. Rxc7 bxc4 50. Rc6+ Ke7 51. Ra6 c3 52. Rxa7+ Kd6 53.
Ra6+ Kd7 54. a3 c2 55. Rc6 Rh2 56. Rc3 Rh3 57. Rxc2 Rxa3 58. Kd4 Ra4 59. Rc4 Kd6
60. Rc6+ Kd7 61. Kc5 Ra1 62. b5 Rc1+ 63. Kb6 Rd1 64. Kb7 Rxd5 65. b6 Ra5 66. Rc2
Ra1 67. Kb8 Kd8 68. Rd2+ Ke7 69. b7 Ke8 70. Rd5 Ke7 71. Kc7 Rc1+ 72. Kb6 Rb1+
73. Rb5 Rxb5+ 74. Kxb5 1-0

[Event "47th Sparkassen Open"]
[Site "Dortmund GER"]
[Date "2019.07.18"]
[Round "6.10"]
[White "Heck, Norbert"]
[Black "Wagner, Alexej"]
[Result "1-0"]
[WhiteTitle "FM"]
[WhiteElo "2211"]
[BlackElo "2277"]
[WhiteFideId "4622928"]
[BlackFideId "4129555"]
[EventDate "2019.07.13"]

1. Nf3 d5 2. c4 e6 3. g3 Nf6 4. Bg2 Be7 5. O-O O-O 6. d4 dxc4 7. Ne5 Nc6 8. Nxc6
bxc6 9. Na3 Bxa3 10. bxa3 Nd5 11. Qc2 Nb6 12. Rd1 Rb8 13. e4 Qe7 14. a4 Ba6 15.
a5 Nd7 16. Qc3 Rfd8 17. Ba3 c5 18. Rac1 Qe8 19. e5 Nf8 20. Bxc5 c6 21. Bxa7 Rb7
22. Bc5 Ra8 23. Rb1 Qd7 24. Rb6 Rxb6 25. axb6 Bb5 26. a3 Ng6 27. Rb1 Ne7 28.
Rxb5 1-0

[Event "47th Sparkassen Open"]
[Site "Dortmund GER"]
[Date "2019.07.18"]
[Round "6.11"]
[White "Baerwolf, Steven"]
[Black "Hartikainen, Markku"]
[Result "1-0"]
[BlackTitle "FM"]
[WhiteElo "2176"]
[BlackElo "2237"]
[WhiteFideId "24658634"]
[BlackFideId "501417"]
[EventDate "2019.07.13"]

1. e4 c5 2. Nf3 g6 3. d4 cxd4 4. Nxd4 Bg7 5. Nc3 Nc6 6. Be3 Nf6 7. f3 O-O 8. Bc4
Qb6 9. Qd2 Nxe4 10. Nxe4 Bxd4 11. Bxd4 Qxd4 12. Qxd4 Nxd4 13. O-O-O Nc6 14. Rhe1
d6 15. Nc3 Rd8 16. g4 Bd7 17. h3 Rac8 18. f4 Kf8 19. Ne4 h6 20. Ng3 a6 21. a3 b5
22. Ba2 a5 23. Rf1 f6 24. f5 g5 25. h4 gxh4 26. Ne2 Ne5 27. Rh1 Bc6 28. Rxh4 Bf3
29. Rxh6 Bxe2 30. Rdh1 Nf7 31. Bxf7 Kxf7 32. Rh7+ Ke8 33. Re1 Bc4 34. Rexe7+ Kf8
35. Ra7 Ra8 36. Rh8+ Bg8 37. Rah7 Re8 38. g5 Re7 39. Rxg8+ Kxg8 40. Rxe7 fxg5
41. f6 Rc8 42. Rg7+ Kf8 43. Rxg5 Rc5 44. Rxc5 dxc5 45. Kd2 Kf7 46. Kd3 Kxf6 47.
a4 Ke5 48. axb5 Kd5 49. c4+ Ke5 50. b3 Kd6 51. Ke4 Ke6 52. b6 Kd6 53. b7 Kc7 54.
Kd5 Kxb7 55. Kxc5 1-0

[Event "47th Sparkassen Open"]
[Site "Dortmund GER"]
[Date "2019.07.18"]
[Round "6.12"]
[White "Andersen, Gunnar"]
[Black "Bock, Juergen"]
[Result "1-0"]
[WhiteElo "2166"]
[BlackElo "2268"]
[WhiteFideId "30920795"]
[BlackFideId "4619129"]
[EventDate "2019.07.13"]

1. e4 d6 2. d4 Nf6 3. Nc3 c6 4. Nf3 Bg4 5. h3 Bh5 6. Bc4 e6 7. Qe2 d5 8. exd5
cxd5 9. Bb5+ Nc6 10. g4 Bg6 11. Ne5 Qb6 12. h4 Bb4 13. h5 Be4 14. f3 Qxd4 15.
Nxc6 bxc6 16. Bxc6+ Ke7 17. Bxa8 Bxc3+ 18. bxc3 Qxc3+ 19. Qd2 Qxa1 20. Qb4+ Kd7
21. Qb7+ Kd8 22. Qb8+ Ke7 23. Qxa7+ Nd7 24. Qa3+ 1-0

[Event "47th Sparkassen Open"]
[Site "Dortmund GER"]
[Date "2019.07.18"]
[Round "6.13"]
[White "Quast, Marcel"]
[Black "Guenther, Patrick"]
[Result "1/2-1/2"]
[WhiteElo "2248"]
[BlackElo "2055"]
[WhiteFideId "24663476"]
[BlackFideId "24618357"]
[EventDate "2019.07.13"]

1. e4 c5 2. c3 Nf6 3. e5 Nd5 4. d4 cxd4 5. Nf3 Nc6 6. Bc4 Nb6 7. Bb3 d6 8. exd6
Qxd6 9. O-O Be6 10. Na3 dxc3 11. Bxe6 Qxd1 12. Rxd1 fxe6 13. bxc3 g6 14. Ng5 e5
15. Nb5 Rc8 16. Ne6 Kf7 17. Ng5+ Ke8 18. Be3 Na4 19. Bxa7 Nxc3 20. Nxc3 Nxa7 21.
Nd5 Bh6 22. h4 Bxg5 23. hxg5 Kf7 24. Re1 Rhd8 25. Ne3 Rc5 26. Rab1 Rd7 27. Ng4
Nc6 28. Rb3 e4 1/2-1/2

[Event "47th Sparkassen Open"]
[Site "Dortmund GER"]
[Date "2019.07.18"]
[Round "6.14"]
[White "Dorst, Johannes"]
[Black "Sonnenschein, Philipp"]
[Result "0-1"]
[WhiteTitle "FM"]
[WhiteElo "2234"]
[BlackElo "2099"]
[WhiteFideId "4650433"]
[BlackFideId "16250877"]
[EventDate "2019.07.13"]

1. e4 c5 2. Nf3 Nc6 3. Bb5 g6 4. Bxc6 bxc6 5. O-O Bg7 6. Re1 Nh6 7. c3 f6 8. d4
cxd4 9. cxd4 Nf7 10. Nc3 O-O 11. Qa4 Qb6 12. Qa3 d6 13. h3 a5 14. b3 Qb4 15. Qb2
c5 16. Bd2 cxd4 17. Na4 Qb7 18. Nxd4 Bd7 19. Bc3 e5 20. Nc2 Ng5 21. f3 f5 22.
Bd2 fxe4 23. Bxg5 exf3 24. Reb1 f2+ 25. Kh2 Bxa4 26. Qa3 Bb5 27. Ne3 e4 28. Qxd6
Bxa1 29. Rxa1 f1=Q 30. Rxf1 Bxf1 31. Ng4 Qb8 0-1

[Event "47th Sparkassen Open"]
[Site "Dortmund GER"]
[Date "2019.07.18"]
[Round "6.15"]
[White "Rempel, Patrick"]
[Black "Boehm, Juergen2"]
[Result "0-1"]
[WhiteElo "2119"]
[BlackElo "2175"]
[WhiteFideId "4657632"]
[BlackFideId "4606434"]
[EventDate "2019.07.13"]

1. d4 d5 2. c4 e6 3. Nf3 c6 4. Qc2 dxc4 5. Qxc4 b5 6. Qc2 Bb7 7. g3 Nd7 8. Bg2
c5 9. O-O Ngf6 10. Nc3 b4 11. Nd1 cxd4 12. Nxd4 Bxg2 13. Kxg2 Bc5 14. Nb3 Be7
15. Ne3 O-O 16. Rd1 Rc8 17. Qd3 Qb6 18. Kg1 Ne5 19. Qd4 Qb5 20. Qxa7 Nc6 0-1

[Event "47th Sparkassen Open"]
[Site "Dortmund GER"]
[Date "2019.07.18"]
[Round "6.16"]
[White "Oltmanns, Jan"]
[Black "Steinle, Carsten"]
[Result "1-0"]
[WhiteElo "1970"]
[BlackElo "2147"]
[WhiteFideId "16251318"]
[BlackFideId "24676462"]
[EventDate "2019.07.13"]

1. e4 d6 2. d4 Nf6 3. Nc3 c6 4. a4 Nbd7 5. Nf3 e5 6. Be2 Be7 7. O-O Qc7 8. h3
O-O 9. Be3 a5 10. Nd2 exd4 11. Bxd4 d5 12. exd5 cxd5 13. Bf3 Qf4 14. Nb3 Bd6 15.
g3 Qf5 16. Bg2 Ne5 17. Nb5 Bb8 18. Bc5 Re8 19. Bd6 Nc4 20. N3d4 Qg6 21. Bxb8
Rxb8 22. b3 Ne5 23. Qd2 Nc6 24. Rfe1 Bd7 25. Nxc6 bxc6 26. Nd4 c5 27. Nf3 d4 28.
Ne5 Qf5 29. g4 Qe6 30. Nc6 Qd6 31. Nxb8 Rxb8 32. Qe2 Re8 33. Qf3 Be6 34. Re2 Rc8
35. Rae1 Nd5 36. Qxd5 1-0

[Event "47th Sparkassen Open"]
[Site "Dortmund GER"]
[Date "2019.07.18"]
[Round "6.17"]
[White "Kracht, Raphael"]
[Black "Gallasch, Jonas"]
[Result "0-1"]
[WhiteElo "2000"]
[BlackElo "1996"]
[WhiteFideId "16214382"]
[BlackFideId "16222474"]
[EventDate "2019.07.13"]

1. e4 c5 2. d4 cxd4 3. c3 dxc3 4. Nxc3 e6 5. Nf3 Nc6 6. Bc4 a6 7. O-O b5 8. Bb3
Nge7 9. Bg5 f6 10. Be3 Na5 11. Nd4 Bb7 12. Qh5+ g6 13. Qh4 Nec6 14. Bc2 Bg7 15.
Rad1 Qe7 16. Nxc6 Bxc6 17. Nd5 Bxd5 18. exd5 O-O 19. Be4 Rac8 20. Bd2 Nc4 21.
Bc3 Rfe8 22. d6 Qd8 23. a4 f5 24. Qxd8 Rcxd8 25. Bb7 bxa4 26. Ra1 Bxc3 27. bxc3
Nxd6 28. Bxa6 Ra8 29. Rxa4 Ra7 30. Rd1 Ne4 31. Bb5 Rxa4 32. Bxa4 Nxc3 33. Bxd7
Nxd1 34. Bxe8 Kf8 35. Ba4 Nc3 36. Bb3 Ke7 37. f3 Kd6 38. Kf2 Nd5 39. h4 h6 40.
Bc2 g5 41. hxg5 hxg5 42. Bb3 Ke5 43. Ba4 Nf4 44. g3 Nd5 45. Bb5 Nf6 46. Bc4 Nh5
47. Bb3 Ng7 48. Ke3 Nh5 49. Kf2 Kd6 50. Bc4 Nf6 51. Bb3 e5 52. Bc2 e4 53. Bb3
Ke5 54. Bf7 Nd5 55. fxe4 fxe4 56. Bg6 Kd4 57. Bh5 Nc3 58. Be8 e3+ 59. Ke1 Ne4
60. Ke2 Nxg3+ 61. Kf3 Ne4 62. Bb5 Nd2+ 63. Kg4 Nc4 64. Kf3 Ne5+ 65. Ke2 Ke4 66.
Ba6 Kf4 67. Bb7 g4 68. Ba8 Nf3 69. Bb7 Nd4+ 70. Ke1 g3 71. Bd5 Nf3+ 72. Kf1 e2+ 0-1

[Event "47th Sparkassen Open"]
[Site "Dortmund GER"]
[Date "2019.07.18"]
[Round "6.18"]
[White "Koschetzki, Christian"]
[Black "Torres-Kuckel, Rafael"]
[Result "0-1"]
[BlackTitle "FM"]
[WhiteElo "1987"]
[BlackElo "2152"]
[WhiteFideId "24691658"]
[BlackFideId "4625072"]
[EventDate "2019.07.13"]

1. d4 Nf6 2. Nf3 g6 3. g3 Bg7 4. Bg2 O-O 5. O-O d6 6. c4 Nbd7 7. Nc3 e5 8. dxe5
dxe5 9. Qc2 c6 10. b3 Re8 11. Ng5 Nc5 12. Be3 Bf5 13. Nce4 Ncxe4 14. Nxe4 Kh8
15. Rad1 Qc7 16. f3 Rad8 17. Rxd8 Rxd8 18. Rd1 Rxd1+ 19. Qxd1 Bxe4 20. fxe4 Ng4
21. Bxa7 c5 22. Qd5 Bf8 23. b4 Nf6 24. Qd2 b6 25. Bxb6 Qxb6 26. b5 Bd6 27. Bf3
Kg7 28. a4 Bc7 29. Qe3 Qd6 30. Qb3 Ba5 31. Kg2 Nd7 0-1

[Event "47th Sparkassen Open"]
[Site "Dortmund GER"]
[Date "2019.07.18"]
[Round "6.19"]
[White "Mueller, Frank3"]
[Black "Wuebker, Paul-Luca"]
[Result "1-0"]
[WhiteElo "2092"]
[BlackElo "2009"]
[WhiteFideId "24681318"]
[BlackFideId "12939528"]
[EventDate "2019.07.13"]

1. e4 c5 2. Nc3 d6 3. g3 g6 4. Bg2 Bg7 5. d3 Nc6 6. Be3 Rb8 7. f4 b5 8. Qd2 b4
9. Nd1 Bg4 10. Nf3 Nd4 11. O-O Nxf3+ 12. Bxf3 Bxf3 13. Rxf3 f5 14. exf5 gxf5 15.
d4 c4 16. d5 Rb5 17. a4 bxa3 18. Rxa3 Nf6 19. Nc3 Ne4 20. Nxe4 fxe4 21. Rf1 Kf7
22. Rxa7 Rxb2 23. Qe2 Qc8 24. Qh5+ Kf8 25. Rfa1 Rb7 26. R1a6 c3 27. Rc6 Qb8 28.
Qf5+ Bf6 29. Rc8+ Kg7 30. Rxb8 Rbxb8 31. Qg4+ Kf7 32. Qh5+ Kg7 33. f5 Rb1+ 34.
Kg2 Rhb8 35. Bh6+ Kg8 36. Qg4+ Kf7 37. Qxe4 Be5 38. Bg5 R8b2 39. Rxe7+ 1-0

[Event "47th Sparkassen Open"]
[Site "Dortmund GER"]
[Date "2019.07.18"]
[Round "6.20"]
[White "Savchenko, Daniel"]
[Black "Zweschper, Erich"]
[Result "1-0"]
[WhiteElo "2168"]
[BlackElo "2031"]
[WhiteFideId "12919195"]
[BlackFideId "4643119"]
[EventDate "2019.07.13"]

1. e4 d6 2. d4 g6 3. h4 Nf6 4. Nc3 c6 5. Bc4 b5 6. Bd3 a6 7. Bg5 Nbd7 8. a3 Bg7
9. Nge2 h6 10. Bxf6 Nxf6 11. Qd2 Qc7 12. O-O-O a5 13. e5 dxe5 14. dxe5 Ng4 15.
Nxb5 Qb6 16. Be4 Nxe5 17. Qd4 c5 18. Bc6+ Nxc6 19. Qxg7 Rf8 20. Nec3 Be6 21. a4
Na7 22. Qe5 Nxb5 23. Nxb5 Rc8 24. Rhe1 Rg8 25. f4 Kf8 26. g4 Qb8 27. Qe3 Bxg4
28. Qxe7+ Kg7 29. Rd6 Rgf8 30. Rg1 h5 31. f5 Bxf5 32. Rg5 Rfe8 33. Qf6+ Kf8 34.
Kb1 Rcd8 35. Rxf5 gxf5 36. Qh6+ Ke7 37. Re6+ Kd7 38. Rf6 Qe5 39. Rxf7+ Re7 40.
Rf6 Rde8 41. Ra6 Rc8 42. Rd6+ Ke8 43. Qg6+ 1-0

[Event "47th Sparkassen Open"]
[Site "Dortmund GER"]
[Date "2019.07.18"]
[Round "6.21"]
[White "Hammerich, Simon"]
[Black "Wichtrup, Jan-Louis"]
[Result "0-1"]
[WhiteElo "1954"]
[BlackElo "2125"]
[WhiteFideId "12955868"]
[BlackFideId "16229355"]
[EventDate "2019.07.13"]

1. e4 e5 2. Nf3 Nc6 3. Bb5 a6 4. Ba4 Nf6 5. O-O Be7 6. Re1 b5 7. Bb3 O-O 8. a4
Bb7 9. d3 d6 10. Nbd2 h6 11. c3 Re8 12. Nf1 Bf8 13. Ne3 g6 14. h3 Qd7 15. Nh2 h5
16. Qf3 Bg7 17. Kh1 Nd8 18. Rg1 Ne6 19. g4 Nc5 20. Nd5 Nxd5 21. Bxd5 Bxd5 22.
exd5 hxg4 23. Nxg4 Nb3 24. Bh6 Nxa1 25. Bxg7 Kxg7 26. Qf6+ Kg8 27. Qh4 Qe7 28.
Nf6+ Kg7 29. Nxe8+ Rxe8 30. Qxe7 Rxe7 31. Rxa1 e4 32. dxe4 Rxe4 33. axb5 axb5
34. Ra7 Rc4 35. Kg2 Kf6 36. Rb7 Rc5 37. f4 Rxd5 38. Rxc7 Rd2+ 39. Kf3 Rxb2 40.
Rb7 Rb3 41. Kg4 Ke6 42. Kg5 Rxc3 43. Rxb5 Rc5+ 0-1

[Event "47th Sparkassen Open"]
[Site "Dortmund GER"]
[Date "2019.07.18"]
[Round "6.22"]
[White "Strathoff, Martin"]
[Black "Rohde, Patrick"]
[Result "1-0"]
[WhiteElo "2102"]
[BlackElo "1978"]
[WhiteFideId "24609560"]
[BlackFideId "12913626"]
[EventDate "2019.07.13"]

1. d4 d5 2. c4 e6 3. Nc3 Be7 4. cxd5 exd5 5. Bf4 c6 6. Qc2 Nf6 7. e3 Nbd7 8. Bd3
Nf8 9. Nge2 Ne6 10. Bg3 g6 11. O-O-O Ng7 12. f3 O-O 13. Bf2 Bd7 14. g4 Qa5 15.
h4 b5 16. Kb1 Rfc8 17. Be1 Qb6 18. h5 a5 19. hxg6 fxg6 20. Nf4 a4 21. Bh4 b4 22.
Nxa4 Qa5 23. b3 c5 24. Bxf6 Bxa4 25. Nxd5 Bxf6 26. Nxf6+ Kf7 27. Nxh7 Ne6 28.
Bxg6+ Ke7 29. d5 Bxb3 30. d6+ Kd8 31. Qxb3 c4 32. Nf6 1-0